Statistics for Flags of the Most Densely-Populated Countries

Click here to take the quiz!

General Stats

  • This quiz has been taken 18 times
  • The average score is 22 of 24

Answer Stats

Answer% Correct
Bahrain
100%
Bangladesh
100%
Barbados
100%
Belgium
100%
India
100%
Lebanon
100%
Malta
100%
Monaco
100%
Netherlands
100%
Philippines
100%
Singapore
100%
South Korea
100%
Taiwan
100%
Vatican City
100%
Haiti
94%
Israel
94%
San Marino
94%
Burundi
82%
Comoros
82%
Maldives
82%
Nauru
76%
Tuvalu
76%
Mauritius
71%
Rwanda
71%

Score Distribution

Percentile by Number Answered

Percent of People with Each Score

Your Score History

You have not taken this quiz